000 00370pam a2200157a 44500
008 230515b1984 xxu||||| |||| 00| 0 eng d
020 _aNULL
041 _aENGLISH
082 _a630
100 _a3395-1984
245 _aLOW DENSITY POLYETHYLENE MATERIALS FOR MOULDING AND EXTRUSION
250 _a0
260 _aDELHI
_bISI
_c1984
300 _a13
650 _aNULL
999 _c651905
_d651905